United Airlines International Destinations - Statistics

General Stats
  • This quiz has been taken 150 times
  • The average score is 70 of 113
Answers on the Map
Answers color-coded by a green-red scale on the quiz's map according to % correct below.
 
Answer Stats
Answer % Correct
Los Angeles
95%
San Francisco
95%
London
94%
Chicago
93%
Dublin
93%
Lisbon
93%
Madrid
93%
Vancouver
93%
Rome
92%
Mexico City
91%
Paris
91%
Tokyo (Haneda / Narita)
91%
Toronto
91%
Barcelona
90%
Beijing
90%
Denver
90%
Dubai
90%
Houston
90%
Sao Paulo
89%
Sydney
89%
Amsterdam
88%
Delhi
88%
Seoul
88%
Tel Aviv
88%
Cape Town
87%
Frankfurt
87%
Hong Kong
87%
Santiago, CL
87%
Santiago, DR
87%
Johannesburg
86%
Shanghai
86%
Washington, D.C.
86%
Berlin
85%
Brussels
85%
Auckland
84%
Edinburgh
84%
Honolulu
84%
Osaka
84%
Taipei
84%
Zurich
84%
Buenos Aires
83%
Lima
83%
Munich
83%
Singapore
83%
Manila
82%
Milan
82%
Melbourne
81%
Newark
81%
Havana
80%
Bogota
79%
Cancun
79%
Edmonton
79%
Panama City
79%
Brisbane
78%
Calgary
77%
Geneva
75%
Quito
75%
Nassau
72%
Lagos
71%
San José
68%
Dakar
66%
Guatemala City
66%
Accra
64%
Medellin
63%
Guadalajara
62%
San Salvador
62%
San José del Cabo
61%
Santo Domingo
61%
Cebu
54%
Halifax
54%
Aruba
53%
Nagoya
53%
San Juan
53%
Belize City
52%
Guam
52%
Monterrey
52%
Port of Spain
50%
Malaga
49%
Managua
47%
Montego Bay
45%
Punta Cana
43%
Tegucigalpa
40%
Tahiti
35%
Bridgetown
34%
St. John's
34%
Kaohsiung
29%
Liberia
29%
Puerto Vallarta
27%
Bonaire
26%
Cozumel
25%
Madeira
24%
Merida
24%
Hamilton
23%
San Pedro Sula
23%
Majuro
22%
Rio de Janiero
22%
St. Lucia
22%
Grand Cayman
21%
Koror
21%
Puerto Plata
20%
Roatan
16%
Leon
15%
Providenciales
15%
Saipan
15%
Sint Maarten
15%
Pohnpei
14%
St. Thomas
14%
Aguadilla
12%
Yap
12%
Chuuk
11%
Kosrae
11%
Veracruz
9%
Kwajalein
7%
No matching quizzes found
Score Distribution
Percent of People with Each Score
Percentile by Number Answered
Your Score History
You have not taken this quiz